Finančné zdravie podniku a jeho hodnotenie
Výhody a nevýhody modelov založených na kvantitatívnych metódach a ktoré predstavujú alternatívu hodnotenia finančného zdravia podniku. Metóda jednorozmernej diskriminačnej analýzy. Metóda viacrozmernej diskriminačnej analýzy. Metóda bodového hodnotenia. Niektoré viacrozmerné modely: Altmanovo Z-skó...
Saved in:
| Main Author: | |
|---|---|
| Format: | Book Chapter |
| Language: | Slovak |
| Subjects: | |
| Tags: |
No Tags, Be the first to tag this record!
|
MARC
| LEADER | 00000nla$a2200000$$$4500 | ||
|---|---|---|---|
| 001 | 0083634 | ||
| 005 | 20240502083222.2 | ||
| 041 | 0 | |a slo | |
| 044 | |a CZ | ||
| 245 | 1 | 0 | |a Finančné zdravie podniku a jeho hodnotenie |c Ctibor Pilch |
| 520 | |a Výhody a nevýhody modelov založených na kvantitatívnych metódach a ktoré predstavujú alternatívu hodnotenia finančného zdravia podniku. Metóda jednorozmernej diskriminačnej analýzy. Metóda viacrozmernej diskriminačnej analýzy. Metóda bodového hodnotenia. Niektoré viacrozmerné modely: Altmanovo Z-skóre, Springate model, Fulmerov model, Beermanov test, CH-index. | ||
| 610 | 2 | 0 | |a modely ekonomické |
| 610 | 2 | 0 | |a financie |
| 610 | 2 | 0 | |a hospodárenie finančné |
| 610 | 2 | 0 | |a podnik |
| 610 | 2 | 0 | |a ukazovatele finančné |
| 610 | 2 | 0 | |a analýzy |
| 100 | 1 | |a Pilch, Ctibor, 1957- | |